00640nam a2200169 a 450000500170000000800410001702000180005805000230007610000190009924500460011826000400016430000170020465000660022165000500028799900190033795201140035620140412111304.0001117s19uu xx 00 eng d a971-8613-81-1 aM 005.13bC47 1990 aChua Chooi See aFun with PC storyboard /cChua Chooi See. aKuala Lumpur :bFederal Pub,c1990. a85 p. ; ill. aPC Storyboard (Computer language) -- Handbooks, manuals, etc. aComputer graphics -- Handbooks, manuals, etc. c103612d103612 00104050aELbELcMd2000-11-17eDonationl0oM 005.13 C47 1990pE5456r2014-04-12 00:00:00w2014-04-12yBK